| 000 | 00557nam a2200181 4500 | ||
|---|---|---|---|
| 001 | 114594 | ||
| 003 | DR-UNIBE | ||
| 005 | 20260422112020.0 | ||
| 008 | 260422b1998 dr ||||| |||| 00| 0 spa d | ||
| 040 |
_aBIBLIOTECA UNIBE _cBIBLIOTECA UNIBE _erda |
||
| 041 | _aspa | ||
| 082 | _aF-RD 6036 | ||
| 100 |
_aPina Acevedo Martínez, Ramón, _d1922-2018 _9154667 |
||
| 245 | 1 | 0 |
_aInamovilidad de la jurisprudencia de principios / _cRamón Pina Acevedo M. |
| 260 |
_aSanto Domingo : _b[Editor no identificado], _c1998 |
||
| 300 | _a38 páginas | ||
| 942 |
_2ddc _cMX |
||
| 999 |
_c114594 _d114594 |
||